000 00305nam a2200121 a 4500
008 141120s2005|||| d
245 1 0 _aVšeobecný encyklopedický slovník A-F
260 _bPraha
_aOttovo nakladatelství
_c2005
020 _c11,25
041 _aslo
044 _axo
_cSK
958 _aAPR
999 _c20522
_d20522